00809nam a22001937a 4500999001900000005001700019010001500036020002600051035001400077037000900091082000800100100002100108245017400129260003300303270009300336300004600429942002200475952011800497 c186185d18618520220216105651.0 aENG-131616 a9788190995054c995.00 aEN-115148 bDBAD a160 aVarghese, Mathew aNagarjuna and The Art of Negation:bDiscerning Subjectivity, Emptiness, Transcendental Ethics, Terralemma Logic, Binary Logic, Self-Being and Negations/cMathew Varghese aNew DelhibVikram Jainc2020 a68, Medical Association Road, Darya GanjbNew Delhie110002mvikramjain@sanctumbooks.com axv, 255p.bBibliography, Indexc22cm(hbk) 2ddccENh160mVAR 001040708NFICaBNbBNd2022-02-16eDBAD/PUBg995.00l0o160 VARpEN-115148r2022-02-16 00:00:00t1v995.00yEN